Socio-economic determinants associated with work-family conflict among nurses and implications on community well-being in the Nairobi metropolitan area, Kenya / (Record no. 60261)

MARC details
000 -LEADER
fixed length control field 00906nam a22002297a 4500
005 - DATE AND TIME OF LATEST TRANSACTION
control field 20260313110903.0
008 - FIXED-LENGTH DATA ELEMENTS--GENERAL INFORMATION
fixed length control field 260313b |||||||| |||| 00| 0 eng d
050 ## - LIBRARY OF CONGRESS CALL NUMBER
Classification number THE HD4904.25
Item number .M83 2024
100 ## - MAIN ENTRY--PERSONAL NAME
Personal name Mudave, Mary Nekesa
245 ## - TITLE STATEMENT
Title Socio-economic determinants associated with work-family conflict among nurses and implications on community well-being in the Nairobi metropolitan area, Kenya /
260 ## - PUBLICATION, DISTRIBUTION, ETC. (IMPRINT)
Place of publication, distribution, etc Limuru, Kenya:
Name of publisher, distributor, etc St. Paul's University,
Date of publication, distribution, etc 2024.
300 ## - PHYSICAL DESCRIPTION
Extent x, 260 p.;
Dimensions 30cm.
500 ## - GENERAL NOTE
General note Includes bibliographical references
650 ## - SUBJECT ADDED ENTRY--TOPICAL TERM
Topical term or geographic name as entry element Nurses
General subdivision Work-life balance
Geographic subdivision Kenya.
650 ## - SUBJECT ADDED ENTRY--TOPICAL TERM
Topical term or geographic name as entry element Work and family
Geographic subdivision Kenya
650 ## - SUBJECT ADDED ENTRY--TOPICAL TERM
Topical term or geographic name as entry element Community health services
Geographic subdivision Kenya.
650 ## - SUBJECT ADDED ENTRY--TOPICAL TERM
Topical term or geographic name as entry element Nursing
General subdivision Social aspects
Geographic subdivision Kenya.
700 ## - ADDED ENTRY--PERSONAL NAME
Personal name Muasya, Gladys
Relator term Dr.
700 ## - ADDED ENTRY--PERSONAL NAME
Personal name Wagoro, Miriam C. A.
Relator term Prof.
856 ## - ELECTRONIC LOCATION AND ACCESS
Uniform Resource Identifier https://repository.spu.ac.ke/xmlui/handle/123456789/6787
942 ## - ADDED ENTRY ELEMENTS (KOHA)
Source of classification or shelving scheme Library of Congress Classification
Item type Thesis
Holdings
Withdrawn status Lost status Source of classification or shelving scheme Damaged status Not for loan Collection code Home library Current library Shelving location Date acquired Source of acquisition Total Checkouts Full call number Barcode Date last seen Price effective from Koha item type
    Library of Congress Classification   Not For Loan Non-fiction Bishop Okullu Memorial Library (Limuru Campus) Bishop Okullu Memorial Library (Limuru Campus) Special Collection 13/03/2026 Donation   THE HD4904.25 .M83 2024 072501 13/03/2026 13/03/2026 Thesis